| 000 | 01445nam a22003015a 4500 | ||
|---|---|---|---|
| 003 | OSt | ||
| 005 | 20151129175126.0 | ||
| 008 | 151129s2003 ua bo gre f000 0 ara d | ||
| 016 | _a2003/7529 | ||
| 020 | _a4775552095 | ||
| 040 |
_aEG-ScBUE _bara _cEG-ScBUE |
||
| 043 | _af-ua--- | ||
| 082 | 0 | 4 |
_a355.00962 _bج ي ش _222 |
| 245 | 0 | 4 |
_aالجيش المصري : _bوسبعة آلاف عام من الزمان / _cإعداد أحمد عبد الرازق أحمد ... [آلخ.] ؛ مراجعة علي ماهر حجاب، محمد عبد الوهاب الدويك، جمال الحسانين محمد الحضري ؛ إشراف عام محمد عبد السلام السيد سعيد. |
| 260 |
_a[القاهرة] : _bوزارة الدفاع، هيئة البحوث العسكرية، _c[2003] |
||
| 300 |
_a275 ص. : _bخرائط، صور ؛ _c36 سم. |
||
| 541 | _aإهداء من وزارة الدفاع. | ||
| 650 | _2BUEsh | ||
| 651 | 0 |
_aمصر _xالجيش _xتاريخ _2BUEsh |
|
| 651 | 0 |
_aمصر _xالتاريخ الحربي. _2BUEsh |
|
| 653 |
_bGGEN _cNovember2015 |
||
| 700 | 1 | _aأحمد، أحمد عبد الرازق. | |
| 700 | 1 |
_aحجاب، علي ماهر، _eمراجع. |
|
| 700 | 1 |
_aالدويك، محمد عبد الوهاب، _eمراجع. |
|
| 700 | 1 |
_aالحضري، جمال الحسانين محمد، _eمراجع. |
|
| 700 | 1 |
_aسعيد، محمد عبد السلام السيد، _eمشرف. |
|
| 942 | _2ddc | ||
| 999 |
_c21094 _d21066 |
||